000 00677nam a2200181 i 4500
001 56994
003 ES-MaACL
005 20230906163507.0
007 t|
008 031014s1967 sp ||||1| spa d
245 0 0 _aDirectorio para la ejecución de lo que el Concilio Ecuménico Vaticano II ha promulgado sobre el ecumenismo /
_cpresentación de Johanne Willebrands.
260 _aMadrid :
_bStudium,
_c[1967]
300 _a54 p. ;
_c18 cm.
500 _aPercede al tít.: Secretariado para la Unión de los Cristianos.
700 1 _aWillebrands, Johannes.
_9116887
710 2 _aSecretariado para la Unión de los Cristianos.
_96536
852 _aES-MaACL
_jC-33664
_bR.64351
999 _c56994
_d56994